000 00790nam a22002297a 4500
005 20100821105358.0
010 _aENG-101220
020 _c200.00
_a9788190787864
035 _aEN-84753
037 _bDBAD/PUB
082 _a621.367
100 _aDivya, N.
_916959
245 _aImage enhancement with weighted median filter /
_cby N. Divya
260 _aCnennai
_bBodhivanam
_c2007
270 _aAhmed Complex Gr. Floor 12/293, Royapettah High Road
_bCnennai
_e600014
300 _a100 p.
_c22cm (Pbk)
500 _aIncludes bibliographical references
700 _915693
700 _915729
942 _2ddc
_cEN
_mDIV
_h621.367
999 _c42849
_d42849